Les métros les plus anciens du monde - Statistiques

Statistiques générales
  • Ce quiz a été pris 88 fois
  • Le résultat moyen est 8 sur 15
Statistiques - réponses
Année Ville % Correct
1900 Paris
100%
1863 Londres
97%
1904 New York
91%
1919 Madrid
88%
1902 Berlin
86%
1927 Tokyo
71%
1924 Barcelone
51%
1897 Boston
51%
1892 Chicago
49%
1896 Budapest
33%
1907 Philadelphie
31%
1875 Istanbul
28%
1896 Glasgow
24%
1913 Buenos Aires
23%
1933 Osaka
18%
Aucun quiz correspondant
Distribution des résultats
% des personnes avec chaque résultat
Percentile par nombre de réponses
Votre historique - résultats
Vous n’avez pas pris ce quiz